Panelové dáta v programe EViews

Salvato in:
Dettagli Bibliografici
Autore principale: Lukáčik, Martin, 1974-
Ente Autore: Fakulta hospodárskej informatiky EU. Katedra operačného výskumu a ekonometrie
Altri autori: Lukáčiková, Adriana, 1971-, Szomolányi, Karol, 1976-
Natura: Libro
Lingua:slovacco
Pubblicazione: Bratislava 2010
Soggetti:
Tags: Aggiungi Tag
Nessun Tag, puoi essere il primo ad aggiungerne!!

MARC

LEADER 00000nam$a2200000$$$4500
001 0119874
005 20240502072334.8
041 0 |a slo 
044 |a SK 
245 1 0 |a Panelové dáta v programe EViews  |c Martin Lukáčik, Adriana Lukáčiková, Karol Szomolányi 
264 1 |a Bratislava  |c 2010 
610 2 0 |a rady časové 
610 2 0 |a dáta 
610 2 0 |a modely 
610 2 0 |a modelovanie 
610 2 0 |a modely regresné 
100 1 |a Lukáčik, Martin, 1974- 
700 1 |a Lukáčiková, Adriana, 1971- 
700 1 |a Szomolányi, Karol, 1976- 
710 2 |a Fakulta hospodárskej informatiky EU. Katedra operačného výskumu a ekonometrie